La Gestión de los recursos humanos bajo el Sistema de Carrera Administrativa

Sábháilte in:
Sonraí bibleagrafaíochta
Formáid: Téacs
Ábhair:
Clibeanna: Cuir clib leis
Níl clibeanna ann, Bí ar an gcéad duine le clib a chur leis an taifead seo!

MARC

LEADER 00000 a a2200000 04500
001 14152
003
040
245 |a La Gestión de los recursos humanos bajo el Sistema de Carrera Administrativa  
650 |a RECURSOS HUMANOS  
650 |a ADMINISTRACION  
650 |a PRESTAMOS  
650 |a SERVICIOS PUBLICOS  
650 |a TECNOLOGIA DE LA INFORMACION  
650 |a PANAMA  
773 |g número 42 -43; páginas 75-81  
999 |c 36561  |d 36561